Al-Aza(tafseelaar-E-Rasm-I-Aza) (Record no. 4115)

MARC details
000 -LEADER
fixed length control field 00580nam a2200241 a 4500
020 ## - INTERNATIONAL STANDARD BOOK NUMBER
ISBN
082 00 - DEWEY DECIMAL CLASSIFICATION NUMBER
Classification number 297.82
Author Cutter ZAI
100 ## - MAIN ENTRY--AUTHOR NAME
Author name Zaidi, Ali Mohd
245 ## - TITLE STATEMENT
Title Al-Aza(tafseelaar-E-Rasm-I-Aza)
260 ## - PUBLICATION, DISTRIBUTION, ETC. (IMPRINT)
Place of publication Lucknow
Name of publisher Naseem Book Depo
Year of publication 1970
300 ## - PHYSICAL DESCRIPTION
Number of Pages 375p
500 ## - GENERAL NOTE
General note includes index and biblioraphy
505 2# - FORMATTED CONTENTS NOTE
Formatted contents note Various Documents
650 ## - SUBJECT ADDED ENTRY--TOPICAL TERM
Topical Term Muharram
942 ## - ADDED ENTRY ELEMENTS (KOHA)
Koha item type Books
700 1# -
-- Zaidi, Ali Mohd
Holdings
Collection code Home library Current library Date acquired Cost, normal purchase price Full call number Accession Number Koha item type
  Henry Martyn Institute Library Henry Martyn Institute Library 06/28/2007 8.00 297.82 ZAI 06174 Books
                   Copyright © 2026 | Henry Martyn Institute | Hyderabad | TS-500052 | INDIA | Implemented by hmi.edu.in
Hit-Count:

Powered by Koha